Expresión matemática. Fichas de recuperación. Solucionario. 4º curso

Gespeichert in:
Bibliographische Detailangaben
Format: keine Angabe
Sprache:Spanisch
Erschienen: Madrid Bruño 1972
Katalog:MANES:  Suchergebnis im Bibliothekskatalog
Schulbuchspezifische Eigenschaften:
Tags: Tag hinzufügen
Keine Tags, Fügen Sie den ersten Tag hinzu!
Hinzugefügt zu:26.04.2016

MARC

LEADER 000000000a22000000004500
001 03439
003 OSt
008 160427s sp ||||| |||| 00| 0 spa d
040 |c centro_manes 
041 1 |a spa 
691 7 |a PRI 
245 0 0 |a Expresión matemática. Fichas de recuperación. Solucionario. 4º curso 
260 3 |a Madrid  |b Bruño  |c 1972 
300 |a 8 p.  |c 15x21 cm 
500 |a Consta de 8 grupos con varias hojas. Fecha de publicación tomada del Depósito Legal 
690 0 |a MATE 
942 |2 ddc  |c BK 
546 |a España 
999 |c 9413  |d 9413 
999 |c manes:9413  |d 9413